000 01128nam a22003137a 4500
001 209
003 FISKH
005 20230306103012.0
008 230306b cb ||||| |||| 00| 0 eng d
040 _aBTCTA
_cBTCTA
_dBAKER
_dTEF
_dJP3
_dUPZ
_dYDXCP
_dEHH
_dDLC
_dFISKH
_beng
050 0 0 _aPZ7.P3856
_bCo 2008
082 0 4 _a813.6
_222
100 1 _aPennypacker, Sara,
_d1951-
245 1 0 _aClementine's letter /
_cSara Pennypacker ; pictures by Marla Frazee.
250 _a1st ed.
260 _aNew York :
_bHyperion Books for Children,
_c2009
300 _a150 p. :
_bill. ;
_c20 cm.
505 _aK
520 _aWhile finding new vegetable names to call her little brother, eight-year-old Clementine hatches a plan to prevent her beloved teacher from being selected to go on a once-in-a-lifetime research trip to Egypt.
521 1 _a600
_bLexile
521 1 _aK
_bRaz-Plus
650 1 _aTeachers
_vFiction.
650 1 _aSchools
_vFiction.
650 1 _aFamily life
_vFiction.
650 1 _aHumorous stories.
700 1 _aFrazee, Marla,
_eill.
906 _a7
_bcbc
_ccopycat
_d2
_encip
_f20
_gy-gencatlg
942 _2ddc
_cBK
_n0
999 _c209
_d209